Atolls of Tuvalu by Picture - Statistics

General Stats
  • This quiz has been taken 6 times
  • The average score is 5 of 9
Answer Stats
Picture Answer % Correct
Funafuti
100%
Nanumanga
60%
Nanumea
60%
Nui
60%
Niulakita
40%
Nukufetau
40%
Nukulaelae
40%
Vaitupu
40%
Niutao
20%
No matching quizzes found
Score Distribution
Percent of People with Each Score
Percentile by Number Answered
Your Score History
You have not taken this quiz